Deutsche Vereine anhand von Emojis erkennen - Statistiken

Allgemein
  • Dieses Quiz wurde 603 mal gespielt
  • Das Durchschnittsergebnis liegt bei 12 aus 16
Antwortstatistiken
Bildquiz Antwort % Korrekt
1. FC Köln
93%
Borussia Dortmund
91%
VFL Wolfsburg
89%
Borussia Mönchengladbach
88%
Eintracht Frankfurt
88%
St. Pauli
87%
RB Leipzig
86%
1. FC Kaiserslautern
79%
MSV Duisburg
79%
Bayer Leverkusen
78%
Hamburger SV
78%
Hertha BSC
74%
SV Darmstadt 98
71%
Eintracht Braunschweig
68%
Bayern München
60%
1. FC Union Berlin
29%
Keine übereinstimmenden Quizze gefunden
Verteilung der Resultate
Anzahl Personen mit jedem Resultat
Perzentil nach korrekt beantworteten Fragen
Ihre Resultats-Entwicklung
Sie haben dieses Quiz noch nicht gespielt